[Event "Ambes op 3rd"]
[Site "Ambes"]
[Date "2010.05.01"]
[Round "8"]
[White "Gallice, Francois"]
[Black "Deschamps, Christophe"]
[Result "1-0"]
[WhiteElo "1861"]
[BlackElo "1380"]
[PlyCount "81"]
[EventDate "2010.04.24"]
[EventType "swiss"]
[EventRounds "9"]
[EventCountry "FRA"]
[SourceTitle "EXT 2011"]
[Source "ChessBase"]
[SourceDate "2010.11.26"]
[SourceVersion "1"]
[SourceVersionDate "2010.11.26"]
[SourceQuality "1"]

1. Nf3 Nf6 2. c4 c5 3. g3 Nc6 4. Bg2 d5 5. cxd5 Nxd5 6. 0-0 e6 7. b3 Bd6 8. Bb2 0-0 9. d3 e5 10. Nbd2 Be6 11. Nc4 Re8 12. Nfxe5 Rc8 13. Nxc6 Rxc6 14. Nd2 Rc8 15. a3 Rb8 16. Rc1 Qc7 17. Nc4 Red8 18. Nxd6 Qxd6 19. Qd2 Rdc8 20. e4 Nb6 21. Qc3 Qf8 22. f4 f5 23. exf5 Bxf5 24. Be4 Bxe4 25. dxe4 c4 26. b4 Na4 27. Qd4 Nxb2 28. Qxb2 b5 29. e5 Rb7 30. Rfd1 Re7 31. Rd5 a6 32. Qd4 Re6 33. Rc3 h6 34. Qe4 g6 35. g4 Qg7 36. Qd4 Qf8 37. Rf3 Qe7 38. f5 gxf5 39. gxf5 Rec6 40. Rg3+ Kh7 41. Rd7 1-0

[Event "Ambes op 2nd"]
[Site "Ambes"]
[Date "2009.04.18"]
[Round "8"]
[White "Gallice, Francois"]
[Black "Guenin, Pierre"]
[Result "1-0"]
[WhiteElo "1856"]
[BlackElo "1773"]
[PlyCount "75"]
[EventDate "2009.04.11"]
[EventType "swiss"]
[EventRounds "9"]
[EventCountry "FRA"]
[SourceTitle "EXT 2012"]
[Source "ChessBase"]
[SourceDate "2011.11.24"]
[SourceVersion "1"]
[SourceVersionDate "2011.11.24"]
[SourceQuality "1"]

1. Nf3 d5 2. c4 e6 3. g3 Nf6 4. Bg2 c6 5. b3 Be7 6. Bb2 Nbd7 7. d3 Qa5+ 8. Nbd2 c5 9. cxd5 exd5 10. 0-0 0-0 11. a3 Qb6 12. Rb1 a5 13. Re1 Qd8 14. Qc2 Rb8 15. Rec1 b6 16. Ne5 Nxe5 17. Bxe5 Bd6 18. Bxf6 Qxf6 19. Bxd5 Bh3 20. Bg2 Bxg2 21. Kxg2 Qe7 22. Nc4 Be5 23. Nxe5 Qxe5 24. b4 Rbc8 25. bxa5 bxa5 26. Rb5 a4 27. e4 h6 28. Rxc5 Rxc5 29. Qxc5 Qb2 30. Qc3 Qb5 31. Rc2 Rb8 32. d4 h5 33. h4 Qb1 34. d5 Rb3 35. Qc8+ Kh7 36. Qf5+ g6 37. Qxf7+ Kh6 38. Qg8 1-0

[Event "Ambes op 1st"]
[Site "Ambes"]
[Date "2007.04.13"]
[Round "8"]
[White "Gallice, Francois"]
[Black "Le Hetet, Jacques"]
[Result "1/2-1/2"]
[WhiteElo "1912"]
[BlackElo "1550"]
[PlyCount "134"]
[EventDate "2007.04.07"]
[EventType "swiss"]
[EventRounds "11"]
[EventCountry "FRA"]
[SourceTitle "CBM 117 Extra"]
[Source "ChessBase"]
[SourceDate "2007.05.09"]
[SourceVersion "1"]
[SourceVersionDate "2007.05.09"]
[SourceQuality "1"]

1. Nf3 Nf6 2. c4 c6 3. b3 e6 4. g3 Be7 5. Bg2 d5 6. Bb2 0-0 7. 0-0 Nbd7 8. d3 Re8 9. Nbd2 c5 10. cxd5 exd5 11. Rc1 Rb8 12. Rc2 a5 13. Qa1 b5 14. Ne5 Nxe5 15. Bxe5 Bd6 16. Bxf6 Qxf6 17. Qxf6 gxf6 18. Nf3 d4 19. Rfc1 Bg4 20. h3 Bd7 21. Kh2 Kg7 22. Nh4 f5 23. f4 Re7 24. Re1 Rbe8 25. Bc6 Kf6 26. Bxd7 Rxd7 27. Nf3 h6 28. Kg2 Rde7 29. Kf2 Kg6 30. a3 h5 31. b4 axb4 32. axb4 c4 33. Nxd4 Bxb4 34. Rd1 c3 35. Nc6 Bc5+ 36. d4 Rd7 37. Ne5+ Rxe5 38. fxe5 Bxd4+ 39. Kf3 b4 40. e3 b3 41. Rxc3 Bxc3 42. Rxd7 Bxe5 43. Rb7 b2 44. Rb6+ f6 45. e4 fxe4+ 46. Kxe4 Kg5 47. Rb5 Kg6 48. Rb3 Kg5 49. Rb5 Kg6 50. Rb7 Bxg3 51. Rxb2 f5+ 52. Kf3 f4 53. Rb5 h4 54. Kg4 Kf6 55. Rf5+ Kg6 56. Rd5 Kf6 57. Kf3 Ke6 58. Rh5 Kf6 59. Ke4 Kg6 60. Rf5 Kg7 61. Kd5 Kg6 62. Ke6 Kg7 63. Rf6 Bh2 64. Ke7 Bg3 65. Rf7+ Kg6 66. Kf8 Kg5 67. Kg7 Bh2 1/2-1/2